000 00558nam a2200181Ia 4500
008 090124s9999 xx 000 0 und d
082 _b102717
100 _aजिब्रान खलिल
245 _a मानवतेचे राखणदार
250 _a1
260 _c1947
300 _a124
600 _aजिब्रान खलिल
630 _a मानवतेचे राखणदार
700 _aजिब्रान खलिल
730 _a मानवतेचे राखणदार
942 _cBOOK
999 _c148809
_d148809